Biennial report / (Record no. 18684)

000 -LEADER
fixed length control field 00339cas a2200133 a 4500
022 0# - INTERNATIONAL STANDARD SERIAL NUMBER
ISSN 1075-6426
040 ## - CATALOGING SOURCE
Transcribing agency MH
082 10 - DEWEY DECIMAL CLASSIFICATION NUMBER
Classification number 708 TMS 2011 C151 Or.
110 2# - MAIN ENTRY--CORPORATE NAME
Corporate name or jurisdiction name as entry element Santa Barbara Museum of Art.
245 10 - TITLE STATEMENT
Title Biennial report /
260 ## - PUBLICATION, DISTRIBUTION, ETC. (IMPRINT)
Place of publication Santa Barbara, Calif. :
Name of publisher The Museum,
Year of publication c1991.
300 ## - PHYSICAL DESCRIPTION
Number of Pages 1 v. :
Other physical details ill. ;
Dimensions 28 cm.
942 ## - ADDED ENTRY ELEMENTS (KOHA)
Koha item type ADB
952 ## - LOCATION AND ITEM INFORMATION (KOHA)
Withdrawn status [LOCAL, KOHA] 0
Holdings
Source of acquisition Permanent Location Date acquired Koha item type Lost status Shelving location Current Location Full call number
A38271Library Block C2020-01-10សៀវភៅភាសាអង់គ្លេស C151Library Block C708 TMS 2011 C151 Or.
មជ្ឈមណ្ឌលឯការនៃសាកលវិទ្យាល័យភូមិន្ទកសិកម្មចំការដូង

Powered by Koha